000
00313nam a22001217a 4500
003
OSt
008
250222b |||||||| |||| 00| 0 eng d
041
_a
eng
100
_a
Dhama, NS
_9
7230
245
_a
Improved Practices for Pure Cultivation
260
_a
New Delhi:
_b
Directorate of Extension,
_c
1999.
942
_c
BK
999
_c
19439
_d
19439